LEADER 01373nam a2200277 i 4500 001 000000160248 003 CaOOAMICUS 005 20250612144246.0 008 070315s1981 it u000 u ita u 040 $aSeMil$bita 100 1 $aTolkien, J. R. R.,$d<1892-1973>.$0(OLS)http://semarc/name/116565 240 10$aUnfinished tales of Nùmenor and Middle-earth.$0(OLS)http://semarc/title/142750 245 10$aRacconti incompiuti di Nùmenor e della Terra-di-mezzo /$cJohn Ronald Reuel Tolkien ; a cura di Christopher Tolkien ; introduzione, note, appendici, indice, mappe di Christopher Tolkien ; traduzione dall'inglese a cura di Francesco Saba Sardi. 264 1$aMilano :$bRusconi,$c1981. 300 $a607 p., [1] c. geogr. ripiegata ;$c22 cm. 700 1 $aTolkien, Christopher,$d<1924-2020>.$0(OLS)http://semarc/name/4137 700 1 $aSaba Sardi, Francesco,$d<1922-2012>.$0(OLS)http://semarc/name/8060 850 $aSeMil 852 $aSeMil$W1$xVenegono$y1$m1T III 2$j238508$B111724$CSeMilBibl$Z2$F121679 $81 900 1 $aTolkien, John Ronald Reuel. 941 1 $a3 961 $aLascito: Colombo Card. Giovanni 996 $6245$aRacconti incompiuti di Nùmenor e della Terra-di-mezzo$9(OLS)http://semarc/title/142749 996 $6264$aMilano :$bRusconi$9(OLS)http://semarc/publisher/30258 LEADER 00809nam a2200229 i 4500 001 000000075449 003 CaOOAMICUS 005 20071121000000.0 008 071121s1981 it u000 u ita u 013 $a46621 040 $aSeMil$bita 100 1 $aD'Eramo, Luce,$d<1925-2001>.$0(OLS)http://semarc/name/37241 245 10$aNucleo zero /$cLuce D'Eramo. 260 $aMilano :$bArnoldo Mondadori Editore,$c1981. 300 $a311 p. ;$c23 cm. 490 0 $aOmnibus 830 0$aOmnibus.$0(OLS)http://semarc/title/6831 850 $aSeMil 852 $aSeMil$W1$xVenegono$y1$m1B V 3$j240967$B41601$CSeMilBibl$Z2$F41605 $81 961 $aOmaggio: Donazione 996 $6245$aNucleo zero$9(OLS)http://semarc/title/122367 996 $6260$aMilano :$bArnoldo Mondadori Editore$9(OLS)http://semarc/publisher/30056